000 00530nam a2200193Ia 4500
999 _c80157
_d80157
001 69653
003 OSt
005 20220201123710.0
008 151205s9999||||xx |||||||||||||| ||und||
020 _aNA
040 _cPK-LaUMT
082 _a348.5491
_bPAK-
100 _aQayyum, Malik Muhammad
245 _aPakistan supreme court cases criminal [PSC (Crl.), 2008]
_cQayyum, Malik Muhammad
260 _aLahore,Pakistan:
_bPakistan Study Center Punjab University,
_c2008
501 _a2 vols
546 _aEN
942 _cLPJ
_2ddc